Normal view
MARC view
- Abdul Ahad
Entry Personal Name
001 - CONTROL NUMBER
- control field: 84361
003 - CONTROL NUMBER IDENTIFIER
- control field: NUST
005 - DATE AND TIME OF LATEST TRANSACTION
- control field: 20211117133600.0
008 - FIXED-LENGTH DATA ELEMENTS
- fixed length control field: 211117|| aca||aabn | a|a d
040 ## - CATALOGING SOURCE
- Original cataloging agency: NUST
- Transcribing agency: NUST
100 ## - HEADING--PERSONAL NAME
- Personal name: Abdul Ahad
670 ## - SOURCE DATA FOUND
- Source citation: Work cat.: (NUST): Abdul Ahad , TH-SOF-1881-Modeling, Simulation and Forecasting of PV Solar Power Plants in Pakistan using Agent Based Approach, 2021.
